Sovereign Grace : (Record no. 259912)
[ view plain ]
| 000 -LEADER | |
|---|---|
| fixed length control field | 01173cam a22002533a 4500 |
| 001 - CONTROL NUMBER | |
| control field | 30657 |
| 003 - CONTROL NUMBER IDENTIFIER | |
| control field | PGUSA |
| 005 - DATE AND TIME OF LATEST TRANSACTION | |
| control field | 20140828083649.0 |
| 008 - FIXED-LENGTH DATA ELEMENTS--GENERAL INFORMATION | |
| fixed length control field | 091212s2009||||xxu|||||s|||||000 | eng d |
| 040 ## - CATALOGING SOURCE | |
| Original cataloging agency | PGUSA |
| Language of cataloging | eng |
| 042 ## - AUTHENTICATION CODE | |
| Authentication code | dc |
| 050 #4 - LIBRARY OF CONGRESS CALL NUMBER | |
| Classification number | BT |
| 100 1# - MAIN ENTRY--PERSONAL NAME | |
| Personal name | Moody, Dwight Lyman, |
| Dates associated with a name | 1837-1899 |
| 245 10 - TITLE STATEMENT | |
| Title | Sovereign Grace : |
| Remainder of title | Its Source, Its Nature and Its Effects |
| Medium | [electronic resource] / |
| Statement of responsibility, etc | Dwight Lyman Moody |
| 260 ## - PUBLICATION, DISTRIBUTION, ETC. (IMPRINT) | |
| Name of publisher, distributor, etc | Project Gutenberg, |
| Date of publication, distribution, etc | 2009 |
| 505 0# - FORMATTED CONTENTS NOTE | |
| Formatted contents note | The fountain of grace -- Saved by grace alone -- Possessing, and 'working out' -- Grace abounding to the chief of sinners -- Law and grace -- Grace for living -- Grace for service -- "A chime of Gospel bells" -- Gospel dialogues. What it is to be a child of God / Mr. Moody and Rev. Marcus Rainsford -- How to become a Christian / Mr. Moody and Rev. Marcus Rainsford -- What it is to be converted / Mr. Moody and Mr. Radstock. |
| 506 ## - RESTRICTIONS ON ACCESS NOTE | |
| Terms governing access | Public domain in the USA. |
| 516 ## - TYPE OF COMPUTER FILE OR DATA NOTE | |
| Type of computer file or data note | Electronic text |
| 653 ## - INDEX TERM--UNCONTROLLED | |
| Uncontrolled term | Sermons, American -- 19th century |
| 653 ## - INDEX TERM--UNCONTROLLED | |
| Uncontrolled term | Grace (Theology) -- Sermons |
| 830 #0 - SERIES ADDED ENTRY--UNIFORM TITLE | |
| Uniform title | Project Gutenberg |
| Volume number/sequential designation | 30657 |
| 856 40 - ELECTRONIC LOCATION AND ACCESS | |
| Uniform Resource Identifier | <a href="http://www.gutenberg.org/ebooks/30657">http://www.gutenberg.org/ebooks/30657</a> |
| 942 ## - ADDED ENTRY ELEMENTS (KOHA) | |
| Koha item type | eBooks |
| Withdrawn status | Lost status | Damaged status | Home library | Current library | Date acquired | Total Checkouts | Date last seen | Price effective from | Koha item type |
|---|---|---|---|---|---|---|---|---|---|
| Project Gutenberg | Project Gutenberg | 08/28/2014 | 08/28/2014 | 08/28/2014 | eBooks |